书目信息 |
| 题名: |
海洋帝国的崛起
|
|
| 作者: | 范德伦 著 ;杜原 译 | |
| 分册: | ||
| 出版信息: | 成都 天地出版社 2021 |
|
| 页数: | 323页, [40] 页图版 | |
| 开本: | 22cm | |
| 丛书名: | ||
| 单 册: | ||
| 中图分类: | K563.32 | |
| 科图分类: | ||
| 主题词: | ||
| 电子资源: | ||
| ISBN: | 978-7-5455-6143-2 | |
| 000 | 01204nam0 2200277 450 | |
| 001 | 2171811886 | |
| 005 | 20211113195343.80 | |
| 010 | @a978-7-5455-6143-2@b精装@dCNY88.00 | |
| 100 | @a20210309d2021 em y0chiy50 ea | |
| 101 | 1 | @achi@ceng |
| 102 | @aCN@b510000 | |
| 105 | @aaf a 000yy | |
| 200 | 1 | @a海洋帝国的崛起@Ahai yang di guo de jue qi@e尼德兰八十年战争,1568-1648@f(荷) 安东·范德伦著@d= Revolt in the Netherlands@ethe eighty years war, 1568-1648@fAnton van der Lem@g杜原译@zeng |
| 210 | @a成都@c天地出版社@d2021 | |
| 215 | @a323页, [40] 页图版@c图 (部分彩图)@d22cm | |
| 300 | @a天喜文化 | |
| 320 | @a有书目 (第288-304页) | |
| 330 | @a本书讲述了荷兰这一海洋帝国崛起的历史,从饱受西班牙压迫的边缘小国,到纵横大洋的“海上马车夫”,发达的商业资本与迅猛的海权扩张,共同写下了这段历史的盛衰。 | |
| 500 | 10 | @aRevolt in the Netherlands : the eighty years war, 1568-1648@mChinese |
| 517 | 1 | @a尼德兰八十年战争,1568-1648@Ani de lan ba shi nian zhan zheng,1568-1648 |
| 607 | @a荷兰@Ahe lan@x中世纪史@z1568-1648 | |
| 690 | @aK563.32@v5 | |
| 701 | 1 | @a范德伦@Afan de lun@g(Van der Lem, Anton)@4著 |
| 702 | 0 | @a杜原@Adu yuan@4译 |
| 801 | 0 | @aCN@bBP@c20210309 |
| 905 | @aZUCC@dK563.32@e1 | |
| 海洋帝国的崛起:尼德兰八十年战争,1568-1648/(荷) 安东·范德伦著= Revolt in the Netherlands:the eighty years war, 1568-1648/Anton van der Lem/杜原译.-成都:天地出版社,2021 |
| 323页, [40] 页图版:图 (部分彩图);22cm |
| 天喜文化 |
| ISBN 978-7-5455-6143-2(精装):CNY88.00 |
| 本书讲述了荷兰这一海洋帝国崛起的历史,从饱受西班牙压迫的边缘小国,到纵横大洋的“海上马车夫”,发达的商业资本与迅猛的海权扩张,共同写下了这段历史的盛衰。 |
| ● |
| 相关链接 |
|
|
|
正题名:海洋帝国的崛起
索取号:K563.32/1
 
预约/预借
| 序号 | 登录号 | 条形码 | 馆藏地/架位号 | 状态 | 备注 |
| 1 | 2000885476 | 2000885476 | 第三书库/ [索取号:K563.32/1] | 在馆 | |
| 2 | 2000885477 | 2000885477 | 第三书库/ [索取号:K563.32/1] | 在馆 | |
| 3 | 2000885478 | 2000885478 | 第三书库/ [索取号:K563.32/1] | 在馆 |